| Tag |
First Indicator |
Second Indicator |
Subfields |
| LEADER |
00000cam a22000001i 4500 |
| 001 |
in00004097639 |
| 005 |
20200420141136.0 |
| 006 |
m |o d | |
| 007 |
cr |n||||||||| |
| 008 |
191210s2020 enk ob 001 0 eng d |
| 020 |
|
|
|a 9780429031724 (electronic bk.)
|
| 020 |
|
|
|a 0429031726 (electronic bk.)
|
| 020 |
|
|
|z 9780367143787
|
| 020 |
|
|
|z 036714378X
|
| 020 |
|
|
|z 9780367143800
|
| 020 |
|
|
|z 0367143801
|
| 024 |
8 |
|
|a 40029580769
|
| 035 |
|
|
|a (NhCcYBP)ybp16275242
|
| 040 |
|
|
|a NhCcYBP
|c NhCcYBP
|d UtOrBLW
|
| 050 |
|
4 |
|a GF75
|b .H54 2020
|
| 082 |
0 |
4 |
|a 304.2/8
|2 23
|
| 100 |
1 |
|
|a Hiltner, Ken,
|e author.
|0 http://id.loc.gov/authorities/names/n2003036499
|
| 245 |
1 |
0 |
|a Writing a new environmental era :
|b moving forward to nature /
|c Ken Hiltner.
|
| 264 |
|
1 |
|a Abingdon, Oxon ;
|a New York, NY :
|b Routledge, an imprint of the Taylor & Francis Group,
|c 2020.
|
| 300 |
|
|
|a 1 online resource.
|
| 336 |
|
|
|a text
|b txt
|2 rdacontent
|
| 337 |
|
|
|a computer
|b c
|2 rdamedia
|
| 338 |
|
|
|a online resource
|b cr
|2 rdacarrier
|
| 490 |
1 |
|
|a Routledge environmental humanities
|
| 500 |
|
|
|a "Earthscan from Routledge"--Title page.
|
| 504 |
|
|
|a Includes bibliographical references and index.
|
| 505 |
0 |
|
|a Turning from the past -- Turning toward the future -- Forward to nature, away from nature -- Places, natural and otherwise -- Writing a new environmental era -- Confronting denial -- Going nowhere fast -- Epilogue : about this book.
|
| 588 |
|
|
|a Description based on print version record.
|
| 500 |
|
|
|a Electronic resource.
|
| 650 |
|
0 |
|a Nature
|x Effect of human beings on.
|0 http://id.loc.gov/authorities/subjects/sh85080299
|
| 650 |
|
0 |
|a Human ecology and the humanities.
|0 http://id.loc.gov/authorities/subjects/sh2017004794
|
| 650 |
|
0 |
|a Science and the humanities.
|0 http://id.loc.gov/authorities/subjects/sh85118626
|
| 655 |
|
7 |
|a Electronic books.
|2 local
|
| 710 |
2 |
|
|a Taylor & Francis.
|0 http://id.loc.gov/authorities/names/n84073022
|
| 776 |
1 |
8 |
|c Original
|z 9780367143787
|z 036714378X
|z 9780367143800
|z 0367143801
|w (DLC) 2019016474
|
| 830 |
|
0 |
|a Routledge environmental humanities.
|0 http://id.loc.gov/authorities/names/no2014110543
|
| 856 |
4 |
0 |
|u http://proxy.library.tamu.edu/login?url=https://www.taylorfrancis.com/books/9780429031724
|z Connect to the full text of this electronic book
|t 0
|
| 955 |
|
|
|a YBP purchased approval e-records
|
| 980 |
|
|
|b 154.00
|g 1
|
| 999 |
f |
f |
|s 4157afa3-5de9-3ef2-95e7-3908ff91e667
|i 63a0e46a-de6d-34f3-935b-5f2388e8f223
|t 0
|
| 952 |
f |
f |
|a Texas A&M University
|b College Station
|c Electronic Resources
|d Available Online
|t 0
|e GF75 .H54 2020
|h Library of Congress classification
|
| 998 |
f |
f |
|a GF75 .H54 2020
|t 0
|l Available Online
|